| 000 | 00998na a2200277 4500 | ||
|---|---|---|---|
| 001 | 12817 | ||
| 003 | MIRAKIL | ||
| 005 | 20181213154939.0 | ||
| 008 | 160927b tu 000 0 | ||
| 020 | _a9789755072203 | ||
| 035 | _a12817 | ||
| 040 |
_aMilas _btur _cTR-AnCHP |
||
| 082 |
_a297.89435 _bU48i 2007 |
||
| 090 | _a297.89435 U48i 2007 | ||
| 111 |
_aUluslararası Türk Kültür Evreninde Alevilik ve Bektaşilik Bilgi Şöleni _cAnkara _d2007 _n2. |
||
| 245 |
_a2. Uluslararası Türk kültür evreninde Alevilik ve Bektaşilik bilgi şöleni bildiri kitabı _cEditörler Filiz Kılıç, Tuncay Bülbül |
||
| 260 |
_aAnkara _bGazi Üniversitesi Türk Kültürü ve Hacı Bektaş Veli Araştırma Merkezi _c2007 |
||
| 300 |
_a2 c. _bres. _c24 sm. |
||
| 490 |
_aAraştırma dizisi _v5 |
||
| 650 |
_aAlevi kültürü _xAnadolu |
||
| 650 |
_aBektaşilik _xToplantılar |
||
| 650 |
_aAlevilik _xToplantılar |
||
| 700 | _aBülbül, Tuncay | ||
| 700 | _aKılıç, Filiz | ||
| 942 |
_2ddc _cBKS |
||
| 999 |
_c3660 _d3660 |
||